Ostrompróza. Sigmond István 60 éves
Elmentve itt :
| Szerző: | |
|---|---|
| Adatforrás: | Meister |
| Forrásdokumentuma: | Helikon. - 14 sz., 1996, 4 p. |
| Nyelv: | magyar |
| Kulcsszavak: | évforduló SIGMOND István |
| LEADER | 00365nab a2200133 i 4500 | ||
|---|---|---|---|
| 001 | bibPRO00009698 | ||
| 008 | 060524s1996 xx hun | ||
| 040 | |a Sz1 | ||
| 041 | |a hun | ||
| 100 | 1 | |a LÁSZLÓFFY Aladár | |
| 245 | 1 | 0 | |a Ostrompróza. Sigmond István 60 éves |c LÁSZLÓFFY Aladár |
| 695 | |a évforduló | ||
| 695 | |a SIGMOND István | ||
| 773 | 0 | |t Helikon. - |g 14 sz., 1996, 4 p. | |